000 01116nam a2200265 a 4500
001 78333
003 BD-RjUL
005 20211209083122.0
008 210909s2021 bg ||||| |||| 00| 0 ben d
020 _a9789848143568
035 _a(BD-RjUL)78559
040 _aBD-RjUL
_beng
_cBD-RjUL
041 _aben
082 _223
_a306.4495492
_bAHD 2021
100 _aআহমদ, ফোরকান
_9247624
245 _aড. জসীম উদ্দিন আহমেদের ভাষার জন্য লড়াই ভাষা সমৃদ্ধির জন্য লড়াই /
_cফোরকান আহমদ
260 _aঢাকা :
_bপালক পাবলিশার্স,
_c২০২১
300 _a৫০৪ পৃ.:
_bচিত্রসমূহ;
_c২৩ সেমি.
600 _aআহমদ, জসীম উদ্দিন
_xজীবনী
_9247630
650 _aবাংলা ভাষা আন্দোলন
_9247626
650 _aBengali language movement
_9247627
650 _aবিজ্ঞানী
_9247628
650 _aScientist
_9247629
942 _2ddc
_cBK
999 _c78333
_d78333